Psicología de la organización

-д хадгалсан:
Номзүйн дэлгэрэнгүй
Үндсэн зохиолч: Palací Descals, Francisco José (coordinador)
Формат: Ном
Хэл сонгох:испани
Хэвлэсэн: Madrid Pearson Educación 2005
Нөхцлүүд:
Шошгууд: Шошго нэмэх
Шошго байхгүй, Энэхүү баримтыг шошголох эхний хүн болох!

MARC

LEADER 00000nam a2200000 a 4500
001 UCG0398
003 CL-VaPUC
008 100325e20050000SP |||||||||||||||||spa|d
020 |a 9788420543406 
082 0 4 |a 158.7  |b PAL  |2 21 
100 |a Palací Descals, Francisco José  |e coordinador  |9 547789 
245 1 0 |a Psicología de la organización 
300 |a 415 p 
942 |c BK 
945 |d 20100325 00:00:00  |a rbrito 
260 |a Madrid  |b Pearson Educación  |c 2005 
650 7 |a ORGANIZACION INDUSTRIAL ASPECTOS PSICOLOGICOS  |2 CL-VaPUC  |9 310221 
650 0 |a Psicología industrial  |9 271739 
650 0 |a Psicología social   |9 222894 
650 0 |a Liderazgo  |9 271835 
650 7 |a CLIMA LABORAL  |2 CL-VaPUC  |9 533364 
650 0 |a Cultura de la organización  |9 463742 
650 0 |a Comunicación   |9 257251 
583 |a last modification  |c 20121214 12:19:09  |k Rodrigo Vera 
999 |c 340039  |d 340037 
952 |0 0  |1 0  |4 0  |6 158_700000000000000_PAL_2005  |7 0  |8 A  |9 434382  |a BIBEDU  |b BIBEDU  |d 2019-11-22  |i 4654919  |o 158.7 PAL 2005  |p 4654919  |r 2019-11-22  |w 2019-11-22  |y BK  |k PAR 
952 |0 0  |1 0  |4 0  |6 158_700000000000000_PAL_2005  |7 0  |8 A  |9 434383  |a BIBEDU  |b BIBEDU  |d 2019-11-22  |i 4654927  |o 158.7 PAL 2005  |p 4654927  |r 2019-11-22  |w 2019-11-22  |y BK  |k PAR 
952 |0 0  |1 0  |4 0  |6 158_700000000000000_PAL_2005  |7 0  |8 A  |9 434384  |a BIBEDU  |b BIBEDU  |d 2019-11-22  |i 4654935  |o 158.7 PAL 2005  |p 4654935  |r 2019-11-22  |w 2019-11-22  |y BK  |k PAR